| 000 | 00366 a2200133 4500 | ||
|---|---|---|---|
| 003 | Nust | ||
| 005 | 20170207155101.0 | ||
| 040 | _cNust | ||
| 082 | _a799 | ||
| 245 |
_aOpening Address UG Courses (Misc Photographs) _cMCS |
||
| 260 |
_aRawalpindi _bMCS |
||
| 650 | _aPictures of Opening Address UG Courses in MCS (Misc Photographs) (Soft Copy) CD-21 | ||
| 651 | _aSweet Memories-MCS | ||
| 942 | _cBK | ||
| 999 |
_c200129 _d200129 |
||